50=Năm mươi năm văn học Việt Nam sau Cách mạng tháng 8

Đánh giá đặc điểm, diện mạo, hướng tiếp cận đối với nền văn học cách mạng Việt Nam. Mối quan hệ giữa văn học và chiến tranh cách mạng. Những vấn đề thi pháp thể loại

Enregistré dans:
Détails bibliographiques
Autres auteurs: Nguyễn Văn Long (Tác giả), Nguyễn Xuân Nam (Tác giả), Nguyễn Khoa Điềm (Tác giả), Trần Ngọc Vương (Tác giả), Trần Đình Sử (Tác giả)
Format: Livre
Langue:Vietnamese
Publié: H. Đại học quốc gia 1996
Sujets:
Tags: Ajouter un tag
Pas de tags, Soyez le premier à ajouter un tag!
Thư viện lưu trữ: Mạng thư viện Đại học Đà Nẵng
LEADER 01756nam a22004458a 4500
001 000014305
003 10667
005 20120425140415.0
008 120425s1996 b 000 0 od
020 |d 1500b 
041 0 |a 9705 
041 0 |a vie 
080 |a 8(V)2 
082 |a 895.92209  |b Năm 
084 |a V5(1)7  |b N114M 
245 1 0 |a 50=Năm mươi năm văn học Việt Nam sau Cách mạng tháng 8  |c Nguyễn Văn Đạo, Nguyễn Khoa Điềm, Nguyễn Văn Long.. 
260 |a H.  |b Đại học quốc gia  |c 1996 
300 |a 366tr  |c 21cm 
500 |a ĐTTS ghi: Đại học quốc gia Hà Nội ; Trường viết văn Nguyễn Du 
520 |a Đánh giá đặc điểm, diện mạo, hướng tiếp cận đối với nền văn học cách mạng Việt Nam. Mối quan hệ giữa văn học và chiến tranh cách mạng. Những vấn đề thi pháp thể loại 
653 |a Nghiên cứu văn học 
653 |a văn học hiện đại 
653 |a thể loại 
653 |a thi pháp 
653 |a Việt Nam 
700 1 |a Nguyễn Văn Long  |e Tác giả 
700 1 |a Nguyễn Xuân Nam  |e Tác giả 
700 1 |a Nguyễn Khoa Điềm  |e Tác giả 
700 1 |a Trần Ngọc Vương  |e Tác giả 
700 1 |a Trần Đình Sử  |e Tác giả 
OWN |a LSP 
AVA |a UDN50  |b LSP  |d 895.92209 Năm  |e available  |t Error 5001 Not defined in file expand_doc_bib_avail.  |f 4  |g 0  |h N  |i 0  |k 1 
999 |a From the UDN01 
AVA |a UDN50  |b LSP  |d 895.92209 Năm  |e available  |t Error 5001 Not defined in file expand_doc_bib_avail.  |f 4  |g 0  |h N  |i 0  |k 1 
TYP |a Monograph 
TYP |a Printed language 
980 |a Mạng thư viện Đại học Đà Nẵng